US States By HDI Ranking - Statistics

General Stats
  • This quiz has been taken 268 times
  • The average score is 24 of 50
Answers on the Map
Answers color-coded by a green-red scale on the quiz's map according to % correct below.
 
Answer Stats
HDI State % Correct
0.949 Massachusetts
97%
0.948 Connecticut
91%
0.943 New Hampshire
73%
0.943 New Jersey
71%
0.947 Minnesota
67%
0.940 Hawaii
65%
0.942 Colorado
64%
0.940 Washington
63%
0.866 Mississippi
59%
0.881 Alabama
58%
0.877 West Virginia
58%
0.938 New York
57%
0.881 Arkansas
56%
0.888 Louisiana
56%
0.936 Maryland
56%
0.901 New Mexico
54%
0.884 Kentucky
53%
0.935 Vermont
53%
0.931 California
52%
0.895 Tennessee
52%
0.893 South Carolina
49%
0.940 North Dakota
48%
0.896 Oklahoma
47%
0.930 Oregon
44%
0.904 Georgia
42%
0.907 Missouri
42%
0.930 Alaska
41%
0.904 Nevada
41%
0.930 Utah
41%
0.933 Nebraska
40%
0.907 North Carolina
40%
0.911 Texas
40%
0.911 Florida
39%
0.930 Virginia
39%
0.932 Wyoming
39%
0.929 Delaware
37%
0.930 Iowa
37%
0.917 Maine
37%
0.913 Michigan
37%
0.914 Ohio
37%
0.925 Rhode Island
37%
0.908 Arizona
36%
0.929 Illinois
35%
0.907 Indiana
35%
0.922 Kansas
35%
0.907 Idaho
34%
0.916 Montana
34%
0.923 Pennsylvania
34%
0.929 Wisconsin
34%
0.927 South Dakota
33%
No matching quizzes found
Score Distribution
Percent of People with Each Score
Percentile by Number Answered
Your Score History
You have not taken this quiz